[Event "Rapid Tournament (RAP)"]
[Site "Biel, CH"]
[Date "2025.07.13"]
[Round "1"]
[White "Harish, Neeraj"]
[Black "Bonauer, Stephan"]
[Result "1-0"]
[Board "19"]
[WhiteFideId "30958130"]
[BlackFideId "1314793"]
[WhiteTitle "CM"]
[WhiteElo "2175"]
[BlackElo "1775"]
[WhiteTeam "USA"]
[BlackTeam "SUI"]
[WhiteClock "0:06:56"]
[BlackClock "0:04:25"]
[Variant "Standard"]

1. e4 {[%clk 0:15:07]}  e5 {[%clk 0:15:11]} 2. Nf3 {[%clk 0:15:09]}  Nc6 {[%clk 0:15:06]} 3. Bc4 {[%clk 0:15:10]}  Bc5 {[%clk 0:14:48]} 4. d3 {[%clk 0:14:59]}  Nf6 {[%clk 0:14:44]} 5. c3 {[%clk 0:14:32]}  O-O {[%clk 0:14:34]} 6. b4 {[%clk 0:13:55]}  Be7 {[%clk 0:14:04]} 7. Bd2 {[%clk 0:13:36]}  d6 {[%clk 0:13:56]} 8. O-O {[%clk 0:14:44]}  Bg4 {[%clk 0:13:36]} 9. h3 {[%clk 0:14:38]}  Bh5 {[%clk 0:13:12]} 10. Re1 {[%clk 0:14:22]}  h6 {[%clk 0:13:02]} 11. a4 {[%clk 0:13:46]}  a5 {[%clk 0:13:10]} 12. b5 {[%clk 0:13:28]}  Nb8 {[%clk 0:13:01]} 13. Na3 {[%clk 0:13:17]}  Nbd7 {[%clk 0:12:51]} 14. Nc2 {[%clk 0:12:40]}  b6 {[%clk 0:12:44]} 15. Ne3 {[%clk 0:12:23]}  Bg6 {[%clk 0:12:35]} 16. Nh4 {[%clk 0:12:01]}  Bh7 {[%clk 0:12:30]} 17. Nef5 {[%clk 0:11:37]}  Nc5 {[%clk 0:12:25]} 18. Qf3 {[%clk 0:10:44]}  Nfd7 {[%clk 0:11:42]} 19. Qg4 {[%clk 0:09:29]}  Bxf5 {[%clk 0:11:34]} 20. Nxf5 {[%clk 0:09:21]}  Bg5 {[%clk 0:09:11]} 21. h4 {[%clk 0:11:31]}  Nf6 {[%clk 0:09:07]} 22. Qe2 {[%clk 0:11:16]}  Bxd2 {[%clk 0:08:52]} 23. Qxd2 {[%clk 0:10:47]}  Kh7 {[%clk 0:07:34]} 24. Ra2 {[%clk 0:10:14]}  Ng8 {[%clk 0:07:03]} 25. g3 {[%clk 0:09:34]}  Ne7 {[%clk 0:06:35]} 26. Ne3 {[%clk 0:08:56]}  Ng6 {[%clk 0:06:13]} 27. Qd1 {[%clk 0:08:52]}  Qf6 {[%clk 0:05:43]} 28. Nd5 {[%clk 0:08:38]}  Qd8 {[%clk 0:05:18]} 29. Qh5 {[%clk 0:08:32]}  Nd7 {[%clk 0:04:59]} 30. Qf5 {[%clk 0:08:04]}  Kg8 {[%clk 0:04:12]} 31. h5 {[%clk 0:07:57]}  Ne7 {[%clk 0:06:11]} 32. Nxe7+ {[%clk 0:07:47]}  Qxe7 {[%clk 0:06:13]} 33. f4 {[%clk 0:07:37]}  Qf6 {[%clk 0:06:05]} 34. Qxd7 {[%clk 0:07:18]}  Rad8 {[%clk 0:05:58]} 35. Qg4 {[%clk 0:07:07]}  exf4 {[%clk 0:05:50]} 36. gxf4 {[%clk 0:07:00]}  Qxc3 {[%clk 0:05:42]} 37. Rf1 {[%clk 0:06:56]}  Qd4+ {[%clk 0:05:49]} 38. Kh1 {[%clk 0:06:17]}  Qf6 {[%clk 0:05:19]} 39. Rg2 {[%clk 0:06:02]}  Kh7 {[%clk 0:05:12]} 40. Bd5 {[%clk 0:05:43]}  g5 {[%clk 0:04:17]} 41. fxg5 {[%clk 0:06:45]}  Qxf1+ {[%clk 0:04:58]} 42. Rg1 {[%clk 0:06:50]}  Qxd3 {[%clk 0:04:40]} 43. g6+ {[%clk 0:06:53]}  Kg7 {[%clk 0:04:40]} 44. gxf7+ {[%clk 0:06:31]}  Kh8 {[%clk 0:04:25]} 45. Qg7# {[%clk 0:06:56]} 1-0

[Event "Rapid Tournament (RAP)"]
[Site "Biel, CH"]
[Date "2025.07.13"]
[Round "1"]
[White "Boillat, Maxime"]
[Black "Erne, Raphael"]
[Result "0-1"]
[Board "20"]
[WhiteFideId "1344188"]
[BlackFideId "1341928"]
[WhiteElo "1774"]
[BlackElo "2159"]
[WhiteTeam "SUI"]
[BlackTeam "SUI"]
[WhiteClock "0:00:29"]
[BlackClock "0:00:16"]
[Variant "Standard"]

1. e4 {[%clk 0:15:07]}  c6 {[%clk 0:15:08]} 2. d4 {[%clk 0:15:10]}  d5 {[%clk 0:15:11]} 3. e5 {[%clk 0:15:13]}  c5 {[%clk 0:15:14]} 4. dxc5 {[%clk 0:15:16]}  e6 {[%clk 0:15:11]} 5. a3 {[%clk 0:15:20]}  Nc6 {[%clk 0:15:13]} 6. Nf3 {[%clk 0:15:08]}  Bxc5 {[%clk 0:15:14]} 7. b4 {[%clk 0:15:11]}  Bb6 {[%clk 0:15:08]} 8. Bb2 {[%clk 0:14:59]}  Nge7 {[%clk 0:15:02]} 9. Bd3 {[%clk 0:14:58]}  Ng6 {[%clk 0:15:00]} 10. g3 {[%clk 0:13:37]}  O-O {[%clk 0:11:25]} 11. h4 {[%clk 0:12:49]}  f5 {[%clk 0:10:28]} 12. Nbd2 {[%clk 0:08:30]}  d4 {[%clk 0:06:56]} 13. Nc4 {[%clk 0:09:37]}  Bc7 {[%clk 0:06:29]} 14. Qe2 {[%clk 0:09:22]}  Qd5 {[%clk 0:06:19]} 15. Ncd2 {[%clk 0:07:52]}  Ngxe5 {[%clk 0:04:37]} 16. O-O-O {[%clk 0:07:32]}  Nxd3+ {[%clk 0:04:38]} 17. Qxd3 {[%clk 0:07:35]}  e5 {[%clk 0:04:26]} 18. Qc4 {[%clk 0:06:33]}  Be6 {[%clk 0:03:41]} 19. Qxd5 {[%clk 0:06:13]}  Bxd5 {[%clk 0:03:43]} 20. Rhe1 {[%clk 0:06:06]}  b5 {[%clk 0:01:36]} 21. h5 {[%clk 0:04:16]}  Kf7 {[%clk 0:02:40]} 22. Ng5+ {[%clk 0:03:55]}  Kg8 {[%clk 0:02:41]} 23. h6 {[%clk 0:03:34]}  gxh6 {[%clk 0:02:36]} 24. Ngf3 {[%clk 0:03:33]}  Rad8 {[%clk 0:02:11]} 25. Rh1 {[%clk 0:03:35]}  e4 {[%clk 0:02:05]} 26. Nh4 {[%clk 0:02:40]}  e3 {[%clk 0:01:43]} 27. Ndf3 {[%clk 0:02:44]}  Ne5 {[%clk 0:01:36]} 28. Nxd4 {[%clk 0:02:35]}  Bxh1 {[%clk 0:01:38]} 29. Rxh1 {[%clk 0:02:39]}  exf2 {[%clk 0:01:06]} 30. Ne6 {[%clk 0:02:37]}  Bb8 {[%clk 0:00:18]} 31. Nxd8 {[%clk 0:02:29]}  Rxd8 {[%clk 0:00:23]} 32. Nxf5 {[%clk 0:02:31]}  Rf8 {[%clk 0:00:12]} 33. Ne3 {[%clk 0:01:35]}  Ng4 {[%clk 0:00:08]} 34. Nf1 {[%clk 0:01:24]}  Re8 {[%clk 0:00:12]} 35. Bc3 {[%clk 0:01:13]}  Be5 {[%clk 0:00:11]} 36. Bd2 {[%clk 0:00:39]}  Bd4 {[%clk 0:00:05]} 37. Kd1 {[%clk 0:00:32]}  a6 {[%clk 0:00:11]} 38. c3 {[%clk 0:00:35]}  Bb6 {[%clk 0:00:09]} 39. Rh4 {[%clk 0:00:26]}  h5 {[%clk 0:00:14]} 40. Rxh5 {[%clk 0:00:26]}  Ne5 {[%clk 0:00:09]} 41. Be3 {[%clk 0:00:22]}  Bxe3 {[%clk 0:00:08]} 42. Nxe3 {[%clk 0:00:26]}  Nc4 {[%clk 0:00:12]} 43. Nf1 {[%clk 0:00:29]}  Re1+ {[%clk 0:00:16]} 0-1

[Event "Rapid Tournament (RAP)"]
[Site "Biel, CH"]
[Date "2025.07.13"]
[Round "1"]
[White "Sauvin, Jacques"]
[Black "Parlak, Selahattin"]
[Result "1-0"]
[Board "21"]
[WhiteFideId "1301888"]
[BlackFideId "1338625"]
[WhiteElo "2147"]
[BlackElo "1768"]
[WhiteTeam "SUI"]
[BlackTeam "SUI"]
[WhiteClock "0:02:50"]
[BlackClock "0:00:25"]
[Variant "Standard"]

1. d4 {[%clk 0:15:07]}  d5 {[%clk 0:15:09]} 2. Nf3 {[%clk 0:15:09]}  Nf6 {[%clk 0:15:08]} 3. c4 {[%clk 0:15:09]}  dxc4 {[%clk 0:14:18]} 4. Nc3 {[%clk 0:15:11]}  e6 {[%clk 0:14:14]} 5. Bg5 {[%clk 0:14:57]}  Be7 {[%clk 0:14:11]} 6. e3 {[%clk 0:14:56]}  c6 {[%clk 0:12:52]} 7. Bxc4 {[%clk 0:14:55]}  b5 {[%clk 0:12:27]} 8. Bd3 {[%clk 0:14:41]}  Nd5 {[%clk 0:12:15]} 9. Bxe7 {[%clk 0:14:27]}  Qxe7 {[%clk 0:12:00]} 10. Nxd5 {[%clk 0:13:16]}  exd5 {[%clk 0:11:58]} 11. h3 {[%clk 0:13:18]}  O-O {[%clk 0:11:49]} 12. Rc1 {[%clk 0:13:01]}  Bb7 {[%clk 0:11:09]} 13. O-O {[%clk 0:12:10]}  Nd7 {[%clk 0:10:59]} 14. Qd2 {[%clk 0:11:38]}  a5 {[%clk 0:10:51]} 15. Rfd1 {[%clk 0:11:04]}  b4 {[%clk 0:09:29]} 16. Bf5 {[%clk 0:10:11]}  g6 {[%clk 0:08:38]} 17. Bxd7 {[%clk 0:10:10]}  Qxd7 {[%clk 0:08:41]} 18. Ne5 {[%clk 0:10:07]}  Qe6 {[%clk 0:08:24]} 19. Rc5 {[%clk 0:08:42]}  f6 {[%clk 0:08:00]} 20. Nd3 {[%clk 0:08:41]}  Rfc8 {[%clk 0:06:31]} 21. Rdc1 {[%clk 0:08:43]}  Qd6 {[%clk 0:05:09]} 22. Qd1 {[%clk 0:08:10]}  Ra6 {[%clk 0:03:52]} 23. Nf4 {[%clk 0:06:20]}  Raa8 {[%clk 0:03:10]} 24. Qa4 {[%clk 0:06:09]}  Re8 {[%clk 0:01:43]} 25. Rxa5 {[%clk 0:05:27]}  Rxa5 {[%clk 0:01:46]} 26. Qxa5 {[%clk 0:05:31]}  Ra8 {[%clk 0:01:50]} 27. Qb6 {[%clk 0:05:34]}  Qe7 {[%clk 0:01:37]} 28. Nd3 {[%clk 0:05:06]}  Rxa2 {[%clk 0:01:33]} 29. Nc5 {[%clk 0:03:39]}  Ba8 {[%clk 0:00:29]} 30. Qxb4 {[%clk 0:03:38]}  Ra7 {[%clk 0:00:23]} 31. Qb6 {[%clk 0:03:15]}  Qc7 {[%clk 0:00:21]} 32. Qxc7 {[%clk 0:03:17]}  Rxc7 {[%clk 0:00:25]} 33. Ra1 {[%clk 0:03:20]}  Rc8 {[%clk 0:00:28]} 34. Ra7 {[%clk 0:03:21]}  h5 {[%clk 0:00:26]} 35. h4 {[%clk 0:03:07]}  f5 {[%clk 0:00:14]} 36. g3 {[%clk 0:03:06]}  Rb8 {[%clk 0:00:18]} 37. b3 {[%clk 0:03:06]}  Rd8 {[%clk 0:00:20]} 38. Kg2 {[%clk 0:03:07]}  Rb8 {[%clk 0:00:22]} 39. Kf3 {[%clk 0:03:08]}  Re8 {[%clk 0:00:25]} 40. Kf4 {[%clk 0:03:10]}  Bb7 {[%clk 0:00:25]} 41. Ra6 {[%clk 0:02:50]} 1-0

[Event "Rapid Tournament (RAP)"]
[Site "Biel, CH"]
[Date "2025.07.13"]
[Round "1"]
[White "Paholok, Igor"]
[Black "El-Mais, Ibaa"]
[Result "1/2-1/2"]
[Board "22"]
[WhiteFideId "1338951"]
[BlackFideId "1312715"]
[WhiteElo "1765"]
[BlackElo "2140"]
[WhiteTeam "SUI"]
[BlackTeam "SUI"]
[WhiteClock "0:00:55"]
[BlackClock "0:00:11"]
[Variant "Standard"]

1. b4 {[%clk 0:15:08]}  d5 {[%clk 0:15:02]} 2. Bb2 {[%clk 0:15:11]}  Qd6 {[%clk 0:15:04]} 3. a3 {[%clk 0:15:11]}  e5 {[%clk 0:15:05]} 4. e3 {[%clk 0:15:12]}  c6 {[%clk 0:14:57]} 5. c4 {[%clk 0:15:11]}  Be6 {[%clk 0:14:47]} 6. cxd5 {[%clk 0:14:57]}  cxd5 {[%clk 0:14:49]} 7. Nc3 {[%clk 0:14:56]}  a6 {[%clk 0:14:22]} 8. Rc1 {[%clk 0:14:52]}  Nc6 {[%clk 0:13:32]} 9. Nf3 {[%clk 0:14:54]}  Nf6 {[%clk 0:13:19]} 10. Na4 {[%clk 0:13:59]}  Be7 {[%clk 0:11:17]} 11. Nc5 {[%clk 0:14:01]}  Bc8 {[%clk 0:11:18]} 12. Be2 {[%clk 0:13:20]}  O-O {[%clk 0:10:42]} 13. O-O {[%clk 0:13:21]}  d4 {[%clk 0:09:54]} 14. Ng5 {[%clk 0:12:50]}  h6 {[%clk 0:08:48]} 15. Nge4 {[%clk 0:12:37]}  Nxe4 {[%clk 0:08:51]} 16. Nxe4 {[%clk 0:12:37]}  Qg6 {[%clk 0:08:50]} 17. Bd3 {[%clk 0:11:58]}  f5 {[%clk 0:07:08]} 18. Nc5 {[%clk 0:11:44]}  Rd8 {[%clk 0:06:47]} 19. Qb3+ {[%clk 0:11:04]}  Kh8 {[%clk 0:06:40]} 20. Bc4 {[%clk 0:11:04]}  Bxc5 {[%clk 0:04:45]} 21. bxc5 {[%clk 0:11:07]}  f4 {[%clk 0:03:46]} 22. exf4 {[%clk 0:10:06]}  exf4 {[%clk 0:03:50]} 23. Rfe1 {[%clk 0:09:20]}  Rf8 {[%clk 0:03:19]} 24. Bd5 {[%clk 0:07:42]}  Qf6 {[%clk 0:02:50]} 25. Qf3 {[%clk 0:07:10]}  Bd7 {[%clk 0:02:31]} 26. Re2 {[%clk 0:05:47]}  Qg5 {[%clk 0:02:03]} 27. h3 {[%clk 0:05:13]}  Bxh3 {[%clk 0:01:27]} 28. Qxh3 {[%clk 0:05:07]}  Qxd5 {[%clk 0:01:31]} 29. Re6 {[%clk 0:03:52]}  Qg5 {[%clk 0:01:01]} 30. Rce1 {[%clk 0:03:22]}  Rad8 {[%clk 0:00:44]} 31. Qf3 {[%clk 0:02:01]}  Qxc5 {[%clk 0:00:33]} 32. Rg6 {[%clk 0:01:38]}  Ne5 {[%clk 0:00:29]} 33. Qh5 {[%clk 0:01:27]}  Rd5 {[%clk 0:00:15]} 34. Rxh6+ {[%clk 0:01:05]}  gxh6 {[%clk 0:00:17]} 35. Qxh6+ {[%clk 0:01:05]}  Kg8 {[%clk 0:00:21]} 36. Rxe5 {[%clk 0:00:55]}  Rxe5 {[%clk 0:00:08]} 37. Qg6+ {[%clk 0:00:55]}  Kh8 {[%clk 0:00:11]} 1/2-1/2

[Event "Rapid Tournament (RAP)"]
[Site "Biel, CH"]
[Date "2025.07.13"]
[Round "1"]
[White "Schweizer, Simon"]
[Black "Creux, Francois"]
[Result "1-0"]
[Board "23"]
[WhiteFideId "1325361"]
[BlackFideId "1357743"]
[WhiteElo "2131"]
[BlackElo "1762"]
[WhiteTeam "JPN"]
[BlackTeam "SUI"]
[WhiteClock "0:11:40"]
[BlackClock "0:06:54"]
[Variant "Standard"]

1. e4 {[%clk 0:15:07]}  c5 {[%clk 0:15:09]} 2. Nf3 {[%clk 0:15:09]}  d6 {[%clk 0:15:13]} 3. d4 {[%clk 0:15:12]}  cxd4 {[%clk 0:15:16]} 4. Nxd4 {[%clk 0:15:14]}  g6 {[%clk 0:15:20]} 5. Nc3 {[%clk 0:15:15]}  Bg7 {[%clk 0:15:22]} 6. Be3 {[%clk 0:15:17]}  Nf6 {[%clk 0:15:25]} 7. f3 {[%clk 0:15:18]}  O-O {[%clk 0:15:23]} 8. Qd2 {[%clk 0:15:21]}  Nc6 {[%clk 0:15:24]} 9. O-O-O {[%clk 0:15:23]}  a6 {[%clk 0:15:24]} 10. Kb1 {[%clk 0:15:23]}  Re8 {[%clk 0:14:37]} 11. g4 {[%clk 0:14:53]}  Qa5 {[%clk 0:13:41]} 12. Nb3 {[%clk 0:14:39]}  Qd8 {[%clk 0:13:12]} 13. h4 {[%clk 0:14:40]}  h5 {[%clk 0:13:11]} 14. gxh5 {[%clk 0:14:36]}  Nxh5 {[%clk 0:13:12]} 15. Nd5 {[%clk 0:14:30]}  Be6 {[%clk 0:12:46]} 16. Bb6 {[%clk 0:14:29]}  Qd7 {[%clk 0:12:28]} 17. Nc7 {[%clk 0:14:27]}  Ne5 {[%clk 0:11:52]} 18. Qf2 {[%clk 0:14:11]}  Nc4 {[%clk 0:10:41]} 19. Bxc4 {[%clk 0:13:21]}  Bxc4 {[%clk 0:10:38]} 20. Nxa8 {[%clk 0:13:18]}  Rxa8 {[%clk 0:10:38]} 21. Bd4 {[%clk 0:13:15]}  Bh6 {[%clk 0:10:02]} 22. Be3 {[%clk 0:13:09]}  Bg7 {[%clk 0:09:54]} 23. Rhg1 {[%clk 0:12:54]}  Qe6 {[%clk 0:09:24]} 24. Ka1 {[%clk 0:12:24]}  a5 {[%clk 0:09:17]} 25. Nd4 {[%clk 0:12:25]}  Qd7 {[%clk 0:08:58]} 26. Rg5 {[%clk 0:11:39]}  Bh6 {[%clk 0:08:16]} 27. Rxh5 {[%clk 0:11:33]}  Bxe3 {[%clk 0:08:00]} 28. Qxe3 {[%clk 0:11:36]}  gxh5 {[%clk 0:07:52]} 29. Qh6 {[%clk 0:11:32]}  f6 {[%clk 0:06:54]} 30. Rg1+ {[%clk 0:11:35]}  Kf7 {[%clk 0:06:53]} 31. Rg7+ {[%clk 0:11:37]}  Ke8 {[%clk 0:06:54]} 32. Qh8+ {[%clk 0:11:40]} 1-0

[Event "Rapid Tournament (RAP)"]
[Site "Biel, CH"]
[Date "2025.07.13"]
[Round "1"]
[White "Ye, Zhanting K."]
[Black "Lipecki, Alexander"]
[Result "0-1"]
[Board "24"]
[WhiteFideId "2533235"]
[BlackFideId "1303511"]
[WhiteElo "1759"]
[BlackElo "2126"]
[WhiteTeam "IRL"]
[BlackTeam "SUI"]
[WhiteClock "0:00:21"]
[BlackClock "0:01:05"]
[Variant "Standard"]

1. e4 {[%clk 0:15:07]}  c6 {[%clk 0:15:02]} 2. d4 {[%clk 0:15:08]}  g6 {[%clk 0:15:05]} 3. Nf3 {[%clk 0:14:53]}  Bg7 {[%clk 0:15:07]} 4. Nc3 {[%clk 0:14:35]}  Nf6 {[%clk 0:14:55]} 5. Bd3 {[%clk 0:14:31]}  d6 {[%clk 0:14:32]} 6. h3 {[%clk 0:14:26]}  c5 {[%clk 0:14:10]} 7. Be3 {[%clk 0:14:12]}  cxd4 {[%clk 0:14:03]} 8. Nxd4 {[%clk 0:14:09]}  Nc6 {[%clk 0:13:49]} 9. Qd2 {[%clk 0:13:51]}  h6 {[%clk 0:13:28]} 10. O-O-O {[%clk 0:13:32]}  Nxd4 {[%clk 0:13:18]} 11. Bxd4 {[%clk 0:13:32]}  Qa5 {[%clk 0:13:10]} 12. Rhe1 {[%clk 0:13:05]}  O-O {[%clk 0:11:27]} 13. f4 {[%clk 0:12:10]}  e5 {[%clk 0:11:28]} 14. fxe5 {[%clk 0:11:57]}  dxe5 {[%clk 0:11:30]} 15. Be3 {[%clk 0:11:39]}  Kh7 {[%clk 0:11:15]} 16. Bc4 {[%clk 0:10:46]}  a6 {[%clk 0:10:31]} 17. Bb3 {[%clk 0:10:44]}  b5 {[%clk 0:10:12]} 18. Bc5 {[%clk 0:09:33]}  Rh8 {[%clk 0:08:12]} 19. Qd6 {[%clk 0:08:44]}  Ne8 {[%clk 0:07:39]} 20. Bb6 {[%clk 0:06:57]}  Nxd6 {[%clk 0:06:44]} 21. Bxa5 {[%clk 0:07:00]}  Nc4 {[%clk 0:06:48]} 22. Bxc4 {[%clk 0:06:08]}  bxc4 {[%clk 0:06:52]} 23. Rd6 {[%clk 0:05:52]}  Be6 {[%clk 0:06:52]} 24. Red1 {[%clk 0:05:48]}  Bf8 {[%clk 0:06:48]} 25. Rc6 {[%clk 0:05:30]}  Be7 {[%clk 0:06:41]} 26. Nd5 {[%clk 0:04:21]}  Bg5+ {[%clk 0:06:44]} 27. Kb1 {[%clk 0:04:25]}  Rhc8 {[%clk 0:06:46]} 28. Rd6 {[%clk 0:03:20]}  Rab8 {[%clk 0:04:18]} 29. Nc7 {[%clk 0:03:22]}  Bd8 {[%clk 0:02:57]} 30. Nxe6 {[%clk 0:03:09]}  Bxa5 {[%clk 0:03:00]} 31. R1d5 {[%clk 0:02:07]}  Bc3 {[%clk 0:02:56]} 32. Rd7 {[%clk 0:02:05]}  Rxb2+ {[%clk 0:02:52]} 33. Kc1 {[%clk 0:02:08]}  Rxa2 {[%clk 0:02:56]} 34. Rxf7+ {[%clk 0:02:07]}  Kg8 {[%clk 0:02:24]} 35. Rg7+ {[%clk 0:02:09]}  Kh8 {[%clk 0:02:28]} 36. Kd1 {[%clk 0:02:08]}  Ra1+ {[%clk 0:02:11]} 37. Ke2 {[%clk 0:02:12]}  Re1+ {[%clk 0:02:14]} 38. Kf3 {[%clk 0:02:14]}  Re8 {[%clk 0:01:50]} 39. Rxg6 {[%clk 0:02:05]}  Rf1+ {[%clk 0:01:43]} 40. Kg3 {[%clk 0:02:00]}  Rg8 {[%clk 0:01:47]} 41. Rxg8+ {[%clk 0:01:53]}  Kxg8 {[%clk 0:01:51]} 42. Rd8+ {[%clk 0:01:49]}  Kh7 {[%clk 0:01:30]} 43. Rd7+ {[%clk 0:01:44]}  Kg6 {[%clk 0:01:25]} 44. Rd6 {[%clk 0:01:03]}  a5 {[%clk 0:01:13]} 45. Rc6 {[%clk 0:00:32]}  Be1+ {[%clk 0:01:01]} 46. Kh2 {[%clk 0:00:16]}  Rf6 {[%clk 0:01:01]} 47. g3 {[%clk 0:00:13]}  Rf2+ {[%clk 0:01:03]} 48. Kg1 {[%clk 0:00:17]}  Kf7 {[%clk 0:00:55]} 49. Nc5 {[%clk 0:00:08]}  Rxc2 {[%clk 0:00:52]} 50. Rxh6 {[%clk 0:00:06]}  Bf2+ {[%clk 0:00:56]} 51. Kf1 {[%clk 0:00:09]}  Bxc5 {[%clk 0:01:00]} 52. Rh5 {[%clk 0:00:09]}  Bd4 {[%clk 0:01:01]} 53. Rf5+ {[%clk 0:00:12]}  Ke6 {[%clk 0:01:01]} 54. h4 {[%clk 0:00:15]}  Rf2+ {[%clk 0:01:00]} 55. Rxf2 {[%clk 0:00:17]}  Bxf2 {[%clk 0:01:03]} 56. Kxf2 {[%clk 0:00:21]}  a4 {[%clk 0:01:05]} 0-1

[Event "Rapid Tournament (RAP)"]
[Site "Biel, CH"]
[Date "2025.07.13"]
[Round "1"]
[White "Mikavica, Mirko"]
[Black "Pardoen, Oscar"]
[Result "1-0"]
[Board "25"]
[WhiteFideId "908657"]
[BlackFideId "282499"]
[WhiteElo "2115"]
[BlackElo "1758"]
[WhiteTeam "SRB"]
[BlackTeam "BEL"]
[WhiteClock "0:08:49"]
[BlackClock "0:00:06"]
[Variant "Standard"]

1. d4 {[%clk 0:15:09]}  d5 {[%clk 0:15:03]} 2. c4 {[%clk 0:15:07]}  e6 {[%clk 0:15:04]} 3. Nf3 {[%clk 0:15:16]}  Nf6 {[%clk 0:15:06]} 4. g3 {[%clk 0:15:20]}  Be7 {[%clk 0:14:51]} 5. Bg2 {[%clk 0:15:20]}  dxc4 {[%clk 0:14:32]} 6. Qa4+ {[%clk 0:15:23]}  Nc6 {[%clk 0:14:24]} 7. Qxc4 {[%clk 0:15:01]}  O-O {[%clk 0:14:19]} 8. O-O {[%clk 0:15:04]}  Nd5 {[%clk 0:13:26]} 9. e4 {[%clk 0:14:14]}  Nb6 {[%clk 0:13:26]} 10. Qd3 {[%clk 0:14:17]}  Bf6 {[%clk 0:11:30]} 11. Rd1 {[%clk 0:14:07]}  g6 {[%clk 0:10:42]} 12. Bh6 {[%clk 0:14:00]}  Bg7 {[%clk 0:10:37]} 13. Bxg7 {[%clk 0:13:36]}  Kxg7 {[%clk 0:10:38]} 14. Nc3 {[%clk 0:13:38]}  Qe7 {[%clk 0:09:55]} 15. e5 {[%clk 0:12:47]}  Nd5 {[%clk 0:09:17]} 16. Ne4 {[%clk 0:12:40]}  b6 {[%clk 0:08:10]} 17. Rac1 {[%clk 0:12:38]}  Bb7 {[%clk 0:07:59]} 18. a3 {[%clk 0:12:15]}  Rac8 {[%clk 0:07:39]} 19. b4 {[%clk 0:12:04]}  a6 {[%clk 0:07:24]} 20. Rd2 {[%clk 0:12:08]}  Na7 {[%clk 0:06:48]} 21. Rdc2 {[%clk 0:12:01]}  Rfd8 {[%clk 0:06:42]} 22. h4 {[%clk 0:12:01]}  Qd7 {[%clk 0:05:50]} 23. Nfg5 {[%clk 0:11:33]}  h6 {[%clk 0:05:42]} 24. Nf6 {[%clk 0:11:29]}  Qe7 {[%clk 0:04:27]} 25. Nge4 {[%clk 0:11:18]}  Nb5 {[%clk 0:03:47]} 26. Rc4 {[%clk 0:10:19]}  c5 {[%clk 0:01:47]} 27. bxc5 {[%clk 0:10:19]}  bxc5 {[%clk 0:01:47]} 28. Nxc5 {[%clk 0:10:02]}  Rc7 {[%clk 0:00:55]} 29. a4 {[%clk 0:09:59]}  Na7 {[%clk 0:00:42]} 30. Nxb7 {[%clk 0:09:47]}  Rxb7 {[%clk 0:00:45]} 31. Nxd5 {[%clk 0:09:41]}  exd5 {[%clk 0:00:47]} 32. Rc5 {[%clk 0:09:39]}  Qe6 {[%clk 0:00:39]} 33. Qf3 {[%clk 0:09:20]}  Rbd7 {[%clk 0:00:32]} 34. Kh2 {[%clk 0:09:16]}  Qb6 {[%clk 0:00:20]} 35. Bh3 {[%clk 0:09:08]}  Re7 {[%clk 0:00:18]} 36. h5 {[%clk 0:09:00]}  Qb2 {[%clk 0:00:12]} 37. Qf6+ {[%clk 0:08:50]}  Kg8 {[%clk 0:00:07]} 38. Qxe7 {[%clk 0:08:47]}  Qxf2+ {[%clk 0:00:06]} 39. Bg2 {[%clk 0:08:49]} 1-0

[Event "Rapid Tournament (RAP)"]
[Site "Biel, CH"]
[Date "2025.07.13"]
[Round "1"]
[White "Moesching, Colin"]
[Black "Fragniere, Thierry"]
[Result "0-1"]
[Board "26"]
[WhiteFideId "1345036"]
[BlackFideId "1306537"]
[WhiteElo "1751"]
[BlackElo "2110"]
[WhiteTeam "SUI"]
[BlackTeam "FRA"]
[WhiteClock "0:00:21"]
[BlackClock "0:01:02"]
[Variant "Standard"]

1. Nf3 {[%clk 0:15:04]}  d5 {[%clk 0:15:08]} 2. g3 {[%clk 0:14:51]}  c5 {[%clk 0:15:05]} 3. d4 {[%clk 0:14:43]}  Nc6 {[%clk 0:14:53]} 4. Bg2 {[%clk 0:14:43]}  Nf6 {[%clk 0:14:36]} 5. O-O {[%clk 0:14:37]}  Bg4 {[%clk 0:14:18]} 6. Ne5 {[%clk 0:14:05]}  e6 {[%clk 0:11:32]} 7. c4 {[%clk 0:12:58]}  Be7 {[%clk 0:10:14]} 8. Nxg4 {[%clk 0:11:01]}  Nxg4 {[%clk 0:10:16]} 9. e4 {[%clk 0:10:33]}  Nf6 {[%clk 0:10:03]} 10. exd5 {[%clk 0:10:05]}  exd5 {[%clk 0:09:58]} 11. dxc5 {[%clk 0:08:53]}  dxc4 {[%clk 0:07:50]} 12. Qe2 {[%clk 0:07:58]}  Qd3 {[%clk 0:03:55]} 13. Re1 {[%clk 0:07:10]}  Qxe2 {[%clk 0:03:57]} 14. Rxe2 {[%clk 0:07:13]}  O-O-O {[%clk 0:03:58]} 15. Bxc6 {[%clk 0:07:13]}  bxc6 {[%clk 0:04:02]} 16. Nd2 {[%clk 0:06:43]}  Bxc5 {[%clk 0:04:00]} 17. Nxc4 {[%clk 0:05:32]}  Rd1+ {[%clk 0:03:58]} 18. Kg2 {[%clk 0:05:33]}  Re8 {[%clk 0:03:35]} 19. Rxe8+ {[%clk 0:03:36]}  Nxe8 {[%clk 0:03:38]} 20. b3 {[%clk 0:03:11]}  Bd4 {[%clk 0:03:39]} 21. Rb1 {[%clk 0:03:14]}  Bc3 {[%clk 0:02:36]} 22. Ne3 {[%clk 0:02:43]}  Re1 {[%clk 0:02:25]} 23. Nc4 {[%clk 0:02:23]}  Nf6 {[%clk 0:01:41]} 24. Kf3 {[%clk 0:01:23]}  Nd5 {[%clk 0:01:41]} 25. Nd6+ {[%clk 0:01:18]}  Kd7 {[%clk 0:01:43]} 26. Ne4 {[%clk 0:01:09]}  Bd4 {[%clk 0:01:24]} 27. b4 {[%clk 0:00:41]}  Nc3 {[%clk 0:00:59]} 28. Nxc3 {[%clk 0:00:21]}  Bxc3 {[%clk 0:01:02]} 0-1